01331nab a22002177a 4500003000400000005001700004008004100021040000700062100002300069245015700092260007300249300001500322500002800337505042600365505008200791650002000873650002200893650002400915650002500939773014900964OSt20251215165034.0190429b xxu||||| |||| 00| 0 spa d cPJ aHadad, Lisandro A.10aLa justicia penal vulnera institutos fundantes del derecho comercial :bacerca de la persona jurídica y su concurso preventivo /cLisandro A. Hadad. cCiudad Autónoma de Buenos Aires :aThomson Reuters La Ley, b2025. ap. 195-203 aCita: AR/DOC/1901/2023. aSumario: I. Introducción.— II. Problemática actual en materia concursal de las personas jurídicas. El ataque desde el derecho penal.— III. El caso Vicentín S.A.I.C.— IV. Probables consecuencias sobre la persona jurídica.— V. El antecedente de la causa "Oil Combustibles S.A.".— VI. Responsabilidad de la persona jurídica en materia penal.— VII. Posibles conclusiones a la problemática planteada. tSi te interesa el texto completo, solicitalo a koha@justierradelfuego.gov.ar  0aPODER JUDICIAL  0aDERECHO COMERCIAL 0aCONCURSO PREVENTIVO 0aPERSONAS JURÍDICAS0 02658tRevista de derecho penal y criminología. Nº 3 - Abril 2024dCiudad Autónoma de Buenos Aires : Thomson Reuters La Ley, 2017-x00347914